Quiz dessins animés 90s - 2000 - Statistiques

Statistiques générales
  • Ce quiz a été pris 405 fois
  • Le résultat moyen est 11 sur 16
Statistiques - réponses
Par images Réponse % Correct
Inspecteur Gadget
98%
Les Simpson
97%
Franklin
96%
Babar
93%
South Park
88%
Beyblade
76%
Jimmy Neutron
76%
Famille Pirate
73%
Clifford le gros chien rouge
71%
La bande a Picsou
58%
Le Laboratoire de Dexter
57%
Teen Titans
54%
Princesse Sarah
53%
Atomic Betty
51%
Johnny Test
41%
Gormiti
18%
Aucun quiz correspondant
Distribution des résultats
% des personnes avec chaque résultat
Percentile par nombre de réponses
Votre historique - résultats
Vous n’avez pas pris ce quiz